| 000 | 00487pam a2200181 a 4500 | ||
|---|---|---|---|
| 020 | _a033509208X | ||
| 020 | _a0335092071 (pbk.) | ||
| 040 | _cDLC | ||
| 082 | 0 | 0 | _a574 OPE 1990 A026 Or. |
| 100 | 1 | _aFowler, Jim, | |
| 245 | 1 | 0 | _aPractical statistics for field biology / |
| 260 |
_aMilton Keynes [England] ; _aPhiladelphia : _bOpen University Press, _c1990. |
||
| 300 |
_a227 p. : _bill. ; _c25 cm. |
||
| 650 | 0 | _aBiology | |
| 650 | 0 | _aEcology | |
| 700 | 1 | _aCohen, Louis, | |
| 942 | _cEK | ||
| 999 |
_c13374 _d13374 |
||